Turning training into learning : how to design and deliver programs that get results /

This book is about: The training process: creating the foundation; The Learn process: linking training to learning; ...

সংরক্ষণ করুন:
গ্রন্থ-পঞ্জীর বিবরন
প্রধান লেখক: Furjanic, Sheila W.
অন্যান্য লেখক: Trotman, Laurie A.
বিন্যাস: গ্রন্থ
ভাষা:English
প্রকাশিত: New York : AMACOM, 2000.
বিষয়গুলি:
ট্যাগগুলো: ট্যাগ যুক্ত করুন
কোনো ট্যাগ নেই, প্রথমজন হিসাবে ট্যাগ করুন!
Thư viện lưu trữ: Mạng thư viện Đại học Đà Nẵng
LEADER 01062cam a2200349 i 4500
001 000048466
003 8184
005 20030307141939.0
008 010321|2000 vm 000 eng
020 |a 0814405193 
040 |a IRC  |c IRC  |d IRC 
041 0 |a eng 
082 1 4 |a 658.312404  |b FU-S 
100 1 |a Furjanic, Sheila W. 
245 0 0 |a Turning training into learning :  |b how to design and deliver programs that get results /  |c Sheila W. Furjanic and Laurie A. Trotman. 
260 |a New York :  |b AMACOM,  |c 2000. 
300 |a vii, 308 p. :  |b ill. ;  |c 28cm. 
520 3 |a This book is about: The training process: creating the foundation; The Learn process: linking training to learning; ... 
630 0 4 |a Training. 
630 0 4 |a Employees. 
650 0 4 |a Employees  |x Training of. 
700 1 |a Trotman, Laurie A. 
OWN |a DUT 
999 |a From the UDN01 
TYP |a Monograph 
TYP |a Printed language 
980 |a Mạng thư viện Đại học Đà Nẵng